000
00318nam a2200109 a 4500
005
20140414132101.0
008
100719s19uu xx 00 eng d
050
_a
REF 823
_b
H24 2002
245
_a
Harry Potter and the chamber of secrets :
_b
sticker album.
260
_a
Australia :
_b
Warner Bros,
_c
2002.
999
_c
114475
_d
114475